Maires de Nevers - Statistiques

Statistiques générales
  • Ce quiz a été pris 9 fois
  • Le résultat moyen est 2 sur 9
Statistiques - réponses
Mandat Parti Nom % Correct
2014-Présent DVG/LREM/RE Denis Thuriot
89%
1983-1993 PS Pierre Bérégovoy
67%
1993-2010 PS Didier Boulaud
11%
2010-2014 PS Florent Sainte-Fare Garnot
11%
1971-1983 PS Daniel Benoist
0%
1959-1971 UNR/UDR Jean-Louis Ramey
0%
1945-1947 PCF Marcel Barbot
0%
1947-1953 RPF Marius Durbet
0%
1953-1959 SE Paul Dubost
0%
Aucun quiz correspondant
Distribution des résultats
% des personnes avec chaque résultat
Percentile par nombre de réponses
Votre historique - résultats
Vous n’avez pas pris ce quiz